| 000 | 00365 a2200121 4500 | ||
|---|---|---|---|
| 020 | _a0394549627 | ||
| 040 |
_aDLC _bDLC |
||
| 100 | 1 | 0 | _aAllende, Isabel. |
| 245 | 1 | 0 |
_aOf love and shadows _cIsabel Allende ; translated from the Spanish by Margaret Sayers Peden. |
| 260 |
_aNew York _bBlack Swan Book, _c1987. |
||
| 300 |
_a274 p. _c; 22 cm. |
||
| 942 |
_cBK _k863.64 ALL _2ddc |
||
| 999 |
_c10022 _d10022 |
||